Central Library OPAC University of Rajshahi

Nairobi: city and region / (Record no. 23294)

MARC details
000 -LEADER
fixed length control field 00961nam a22002651 4500
001 - CONTROL NUMBER
control field 23294
003 - CONTROL NUMBER IDENTIFIER
rucl marc code BD-RjUL
005 - DATE AND TIME OF LATEST TRANSACTION
control field 20211209000920.0
008 - FIXED-LENGTH DATA ELEMENTS--GENERAL INFORMATION
fixed length control field 140310s1967 ke ab b 001 0 eng
035 ## - SYSTEM CONTROL NUMBER
System control number (BD-RjUL)23359
040 ## - CATALOGING SOURCE
Original cataloging agency DLC
Transcribing agency DLC
Modifying agency DLC
-- BD-RjUL
Language of cataloging eng
041 ## - LANGUAGE CODE
Language code of text/sound track or separate title eng
082 00 - DEWEY DECIMAL CLASSIFICATION NUMBER
Classification number 916.762
Author mark and year NAI 1967
245 00 - TITLE STATEMENT
Title Nairobi: city and region /
Statement of responsibility, etc. Edited by W. T. W. Morgan.
260 ## - PUBLICATION, DISTRIBUTION, ETC. (IMPRINT)
Place of publication, distribution, etc. Nairobi ;
-- New York :
Name of publisher, distributor, etc. Oxford University Press,
Date of publication, distribution, etc. c1967.
300 ## - PHYSICAL DESCRIPTION
Pagination ix, 154 p. :
Illustrations ill., maps (1 fold. col. in pocket) ;
Size 27 cm.
500 ## - GENERAL NOTE
General note Originated as a course of lectures given in the Dept. of Geography, University College, Nairobi.
504 ## - BIBLIOGRAPHY, ETC. NOTE
Bibliography, etc Includes bibliographies and index.
651 #0 - SUBJECT ADDED ENTRY--GEOGRAPHIC NAME
Geographic name Nairobi (Kenya).
9 (RLIN) 71790
700 1# - ADDED ENTRY--PERSONAL NAME
Personal name Morgan, W. T. W.
Fuller form of name (William Thomas Wilson),
Dates associated with a name 1927-
Relator term ed.
710 1# - ADDED ENTRY--CORPORATE NAME
Corporate name or jurisdiction name as entry element Nairobi.
Subordinate unit University College.
-- Department of Geography.
9 (RLIN) 71791
942 ## - ADDED ENTRY ELEMENTS (KOHA)
Source of classification or shelving scheme Dewey Decimal Classification
Koha item type Books
Holdings
Lost status Source of classification or shelving scheme Damaged status Not for loan Collection code Permanent Location Current Location Shelving location Date acquired Source of acquisition Cost, normal purchase price Total Checkouts Full call number Date last seen Copy number Koha item type
  Dewey Decimal Classification   Added to bundle Non-fiction Central Library, University of Rajshahi Central Library, University of Rajshahi Reading Room 24/09/1970 Zitlinger 70.00   916.762 NAI 1967 10/03/2014 C-1 Books